LEADER 01619nam a2200373 i 4500 001 000000115406 003 CaOOAMICUS 005 20030521000000.0 008 030521s1982 it u000 u ita u 013 $a88095 020 $a88-01-10429-4 040 $aSeMil$bita 245 13$aLa Bibbia :$bla sua autorità e interpretazione nel movimento ecumenico /$ca cura di Ellen Flesseman-van Leer. 250 $aed. italiana. 260 $aTorino :$bClaudiana,$c1982. 260 $aLeumann (Torino) :$bElle Di Ci,$c1982. 300 $a102 p. ;$c21 cm. 490 0 $aVerso l'unità dei cristiani. Studi ;$v4 500 $aFondo Card. C.M. Martini. 650 4$aBibbia e ecumenismo.$0(OLS)http://semarc/subject/20180 700 1 $aFlesseman-van Leer, Ellen.$0(OLS)http://semarc/name/48207 700 1 $aGargano, Innocenzo.$0(OLS)http://semarc/name/7916 700 1 $aBertalot, Renzo <1929-2015>.$0(OLS)http://semarc/name/1472 830 0$aVerso l'unità dei cristiani ;$v4.$0(OLS)http://semarc/title/12313 850 $aSeMil 852 $aSeMil$W1$xVenegono$y1$m2K III 11$j70930$B70930$CSeMilBibl$Z2$F93087 $81 900 1 $aGargano, Guido Innocenzo$c. 941 1 $a4 961 $aOmaggio: Martini Card. Carlo Maria 996 $6020$a88-01-10429-4$9(OLS)http://semarc/number/99182 996 $6245$aLa Bibbia :$bla sua autorità e interpretazione nel movimento ecumenico$9(OLS)http://semarc/title/169029 996 $6260$aLeumann (Torino) :$bElle Di Ci$9(OLS)http://semarc/publisher/29809 996 $6260$aTorino :$bClaudiana$9(OLS)http://semarc/publisher/29837 LEADER 00439nab a2200133 i 4500 001 000000311682 003 CaOOAMICUS 005 20180831173037.0 008 180831n xx uu u0 0und r 013 $a20770 040 $aSeMil$bita 245 12$aL?incendio neroniano di Roma e la prima persecuzione. 773 0 $t[Gennaio-Giugno].$g265-280$w()274182 996 $6245$aL?incendio neroniano di Roma e la prima persecuzione$9(OLS)http://semarc/title/386244